La información en sus nuevos aspectos: ciencias de la documentación
Tallennettuna:
| Päätekijä: | |
|---|---|
| Aineistotyyppi: | Kirja |
| Kieli: | espanja |
| Julkaistu: |
Madrid
Paraninfo
1988
|
| Aiheet: | |
| Tagit: |
Lisää tagi
Ei tageja, Lisää ensimmäinen tagi!
|
MARC
| LEADER | 00000nam a2200000 a 4500 | ||
|---|---|---|---|
| 001 | UCV1880 | ||
| 003 | CL-VaPUC | ||
| 008 | 910606e19880000SP |||||||||||||||||spa|d | ||
| 082 | 0 | 4 | |a 025 |b CUR |2 21 |
| 100 | 0 | |a Curras, Emilia |e author |9 296061 | |
| 245 | 1 | 3 | |a La información en sus nuevos aspectos: ciencias de la documentación |
| 300 | |a 307 p | ||
| 942 | |c BK | ||
| 945 | |d 19910606 00:00:00 | ||
| 260 | |a Madrid |b Paraninfo |c 1988 | ||
| 650 | 0 | |a Información |9 256927 | |
| 650 | 7 | |a DOCUMENTACION |2 CL-VaPUC |9 256928 | |
| 650 | 7 | |a BIBLIOTECOLOGIA |2 CL-VaPUC |9 256929 | |
| 583 | |a last modification |c 19910606 00:00:00 |k Rodrigo Vera | ||
| 999 | |c 209641 |d 209639 | ||
| 952 | |0 0 |1 0 |4 0 |6 025_000000000000000_CUR_1988 |7 0 |8 A |9 185196 |a BIBDER |b BIBDER |d 2019-11-14 |i 252662K |l 1 |o 025 CUR 1988 |p 252662K |r 2024-07-17 |s 2024-07-09 |w 2019-11-14 |y BK |k DER | ||